00965nam a2200265Ia 4500003000400000005001700004008004100021020001800062040003300080041000800113084001100121100001900132245013400151250002300285264005500308300004900363336002700412337003300439338002800472650004100500650004000541650004100581700003800622700003900660OSt20210901164638.0180109s2017 ck a g 000 0 spa  a9789584266668 aCO-MqBPBbspaerdacCO-MqBPB aspa aC FAVc1 aFavilli, Elena10aCuentos de buenas noches para niñas rebeldes 2 /cElena Favilli y Francesca Cavallo ; traducción de Graciela Romero Saldaña aDécima edición aBogotá,bEditorial Planeta Colombiana S.A.c2021 a212 páginasbilustraciones a colorc24 cm. atextobtxt2rdacontent asin mediaciónbn2rdamedia avolumenbnc2rdacarrier142LEMBaCuentos infantiles italianos 142LEMBaLiteratura infantil italiana 142LEMBaLibros lustrados para niños 1 aCavallo, Francescad1983-eautora1 aMolinari Tato, Ariadnaetraductora